| 000 | 00413cam a22001814a 4500 | ||
|---|---|---|---|
| 005 | 20250605163445.0 | ||
| 008 | 250528s ||||||||||||||||||||||||d | ||
| 035 | _a19620 | ||
| 020 | _a9607113403 | ||
| 040 |
_aGR-AtMCL _bgre _dGR-AtMCL _eAACR2 |
||
| 245 | 1 | _aENGLISH GRAMMAR IN PRACTICE 4 | |
| 250 | _a1 | ||
| 260 |
_bGrivas, _c1994 |
||
| 300 | _a191 | ||
| 942 | _cBK | ||
| 999 |
_c4876 _d4876 |
||